000 00325nam a2200121Ia 4500
008 220217s9999||||xx |||||||||||||| ||und||
082 _a621.381 UYE
100 _aUymura, John, P
_92896
245 0 _aIntroduction to VLSI and system
260 _aJohn wiley & sons
_bNew York
_c2002
300 _b
_8
650 _aCIRCUITRY
999 _c170217
_d170217